Harry Potter - Ordre du Phénix et Armée de Dumbledore - Statistiques

Statistiques générales
  • Ce quiz a été pris 177 fois
  • Le résultat moyen est 36 sur 62
Statistiques - réponses
Indice Réponse % Correct
Membre de l'Armée de Dumbledore Harry Potter
96%
Hermione Granger
96%
Ron Weasley
96%
Formation Initiale Albus Dumbledore
91%
Neville Londubat
89%
Sirius Black
89%
Fred Weasley
88%
Ginny Weasley
88%
George Weasley
86%
Luna Lovegood
86%
Cho Chang
85%
James Potter
81%
Remus Lupin
81%
Lily Potter
80%
Arthur Weasley
79%
Nymphadora Tonks
79%
Nouveaux Membres après 1995 Severus Rogue
77%
Alastor Maugrey
75%
Dean Thomas
75%
Molly Weasley
75%
Minerva McGonagall
74%
Seamus Finnigan
72%
Peter Pettigrow
71%
Bill Weasley
70%
Alice Londubat
67%
Padma Patil
66%
Parvati Patil
66%
Charlie Weasley
65%
Rubeus Hagrid
65%
Kingsley Shacklebolt
64%
Abelforth Dumbledore
63%
Colin Crivey
62%
Angelina Johnson
58%
Frank Londubat
58%
Katie Bell
58%
Alicia Spinet
49%
Fleur Delacour
48%
Mondingus Fletcher
48%
Ernie Macmillan
46%
Lee Jordan
46%
Hannah Abbott
43%
Justin Finch-Fletchey
42%
Susan Bones
42%
Marietta Edgecombe
40%
Zacharias Smith
38%
Elphias Doge
37%
Anthony Goldstein
35%
Dedalus Diggle
34%
Michael Corner
34%
Denis Crivey
33%
Marlene McKinnon
32%
Edgar Bones
30%
Gideon Prewett
30%
Arabella Figg
28%
Emmeline Vance
28%
Terry Bott
26%
Benjy Fenwick
24%
Sturgis Podmore
24%
Hestia Jones
23%
Dorcas Meadowes
22%
Fabien Prewett
22%
Caradoc Dearborn
19%
Aucun quiz correspondant
Distribution des résultats
% des personnes avec chaque résultat
Percentile par nombre de réponses
Votre historique - résultats
Vous n’avez pas pris ce quiz